VII salón BAT de arte popular (Registro nro. 17740)

Detalles MARC
000 -LDR (LÍDER)
Campo de control de longitud fija 02883nam a2200313 a 4500
003 - IDENTIFICADOR DEL NÚMERO DE CONTROL
Campo de control CO-PeBPR
005 - FECHA Y HORA DE LA ÚLTIMA TRANSACCIÓN
Campo de control 20260421092736.0
008 - ELEMENTOS DE DATOS DE LONGITUD FIJA--INFORMACIÓN GENERAL
Campo de control de longitud fija 260415e ck a|||| n||| 00| 0 spa c
020 ## - Código Internacional normalizado para libros
Código Internacional normalizado para libros 9789589725580
040 0# - FUENTE DE CATALOGACIÓN
Agencia catalogadora original CO-PeBPR
Idioma de la agencia catalogadora spa
Agencia que transcribe CO-PeBPR
Norma para la descripción rda
041 0# - Código del Idioma
Código idioma del recurso original spa
082 04 - NÚMERO DE CLASIFICACIÓN DECIMAL DEWEY
Número de clasificación R 709.86 F981s
110 1# - ASIENTO PRINCIPAL--NOMBRE CORPORATIVO
Nombre corporativo o jurisdicción Fundación BAT Colombia
245 10 - MENCIÓN DE TÍTULO
Título propiamente dicho VII salón BAT de arte popular
Subtítulo o título paralelo : Colombia y el medio ambiente
Mención de responsabilidad / Fundación BAT Colombia ; fotografías de Ernesto Monsalve Pino
250 ## - MENCIÓN DE EDICIÓN
Mención de edición Séptima edición
264 #1 - Área de la Producción Publicación, Distribución, Manufactura, etc.
Lugar de publicación, distribución, etc. Bogotá, Colombia
Nombre de la editorial, distribuidor, etc. : Ministerio de las Culturas, las Artes y los Saberes
Fecha de publicación, distribución, etc. , 2022
300 ## - DESCRIPCIÓN FÍSICA
Extensión 303 páginas
Otros detalles físicos : fotografías a color
Dimensiones ; 33 centímetros
336 ## - Tipo de Contenido
Tipo de contenido texto
Código de tipo de contenido txt
Fuente rdacontenido
337 ## - Tipo de Medio
Tipo de Medio sin mediación
Código de tipo de medio n
Fuente rdamedio
338 ## - Tipo de Soporte
Tipo de soporte volumen
Código de tipo de soporte nc
Fuente rdasoporte
505 ## - NOTA DE CONTENIDO CON FORMATO PREESTABLECIDO
Nota de contenido con formato Prólogo: el arte: Una herramienta socializadora. -- El arte popular como reflejo de la diversidad cultural de nuestro país. -- Gracias, Fundación Bat. -- Arte y medio ambiente. -- Homenaje a Eduardo Butrón Hodwalker, un artista sentipensante. -- Eduardo Butrón Hodwalker, un artista singular. -- Fuera de concurso. -- Premios y menciones. -- Arte Popular en Colombia. -- Momento para un museo. -- Miradas territoriales. -- Arte para contar la transformación de los territorios. -- Libertades transformadas. -- Arte urbano responsable. -- VII Salón de Arte Popular Bat. -- Santuarios vitales. -- Pueblos patrimonio. -- Resistentes y nómadas. -- Hábitats dolientes. -- Luchas paradójicas. -- Adaptaciones mitológicas. -- Jurados. -- Acta de Premiación. -- Agradecimientos.
520 ## - NOTA DE RESUMEN, ETC.
Nota de sumario En esta séptima versión del Salón se le rinde homenaje a Eduardo Butrón Hodwalker, artista popular de Magangué, Bolívar, quien resultó ganador del primer premio del VI Salón BAT de Arte Popular con el registro en video Una mirada desde lo rural, que da cuenta de la transformación del espacio urbano de Magangué a partir de los desechos del río Magdalena y de las construcciones que recoge junto con la comunidad. Magangué es un municipio que ha sido afectado por los problemas ambientales, el conflicto armado y la delincuencia. Este artista crea sus obras utilizando desechos, como la basura que recoge del río Magdalena, para darle vida a sus creaciones, con un alto contenido ecológico y pedagógico, contribuyendo a la reconstrucción social. Además, refleja la problemática de su región y busca hacer un llamado a las autoridades y a la comunidad sobre la responsabilidad que tenemos todos los actores sociales en la preservación del medio ambiente.
650 14 - ASIENTO SECUNDARIO DE MATERIA - TÉRMINO TEMÁTICO
Fuente del encabezado o término LEMB
Encabezamiento temático Arte colombiano
Subdivisión general Exposiciones
650 14 - ASIENTO SECUNDARIO DE MATERIA - TÉRMINO TEMÁTICO
Fuente del encabezado o término LEMB
Encabezamiento temático Arte popular
Subdivisión general Exposiciones
Subdivisión geográfica Colombia
650 14 - ASIENTO SECUNDARIO DE MATERIA - TÉRMINO TEMÁTICO
Fuente del encabezado o término LEMB
Encabezamiento temático Artesanias
Subdivisión general Exposiciones
Subdivisión geográfica Colombia
650 14 - ASIENTO SECUNDARIO DE MATERIA - TÉRMINO TEMÁTICO
Fuente del encabezado o término LEMB
Encabezamiento temático Pintura
Subdivisión general Exposiciones
Subdivisión geográfica Colombia
700 1# - ASIENTO SECUNDARIO - NOMBRE PERSONAL
Nombre personal Monsalve Pino, Ernesto
Término de relación, rol en la obra fotógrafo
942 ## - ENTRADA DE ELEMENTOS AGREGADOS (KOHA
Fuente de clasificación o esquema de estantería. Dewey Decimal Classification
Tipo de ítem Referencia
Existencias
Estado de pérdida Fuente del sistema de clasificación o colocación Estado de daño No disponible para préstamo Colección Biblioteca de origen Biblioteca actual Ubicación en estantería Signatura topográfica completa Ejemplar Código de barras Tipo de ítem Fecha de adquisición Fuente de adquisición Total de pagos Fecha de la última vez visto
  Dewey Decimal Classification     Referencia Sala de Patrimonio Bibliográfico y Documental - Biblioteca Departamental Sala de Patrimonio Bibliográfico y Documental - Biblioteca Departamental Área Referencia R 709.86 F981s Ej.1 RIBPD14928 Referencia 21/04/2026 Dotación MinCultura y BNC   21/04/2026